000 00299nam a2200121Ia 4500
008 221030s9999 xx 000 0 und d
041 _aEnglish
100 _aG. M. Marakas
245 0 _aModern Data Warehousing, Mining, & Visulazation
_cby G. M. Marakas
260 _c0
650 _aB
942 _cBK
999 _c16006
_d16006